OPHTHALMIC NURSING (Record no. 21926)

MARC details
000 -LEADER
fixed length control field 00327nam a22001577a 4500
003 - CONTROL NUMBER IDENTIFIER
control field SGT
020 ## - INTERNATIONAL STANDARD BOOK NUMBER
International Standard Book Number 9788123907109
082 ## - DEWEY DECIMAL CLASSIFICATION NUMBER
Classification number 617.7
Item number O21K
100 ## - MAIN ENTRY--PERSONAL NAME
Personal name KHURANA, A.K.
245 ## - TITLE STATEMENT
Title OPHTHALMIC NURSING
250 ## - EDITION STATEMENT
Edition statement 1ST
260 ## - PUBLICATION, DISTRIBUTION, ETC. (IMPRINT)
Place of publication, distribution, etc INDIA
Name of publisher, distributor, etc CBS PUB
Year of Publication 2021
300 ## - PAGE DESCRIPTION
No. of Pages 210
650 ## - SUBJECT ADDED ENTRY--TOPICAL TERM
Topical term or geographic name as entry element OPHTHALMOLOGY
942 ## - ADDED ENTRY ELEMENTS (KOHA)
Source of classification or shelving scheme Dewey Decimal Classification
Koha item type Books
Holdings
Withdrawn status Lost status Source of classification or shelving scheme Damaged status Not for loan Collection code Home library Current library Shelving location Date acquired Vendor Name Cost, normal purchase price SGTU Bill Number Total Checkouts Full call number Accession No. (Barcode) Date last seen Bill Date Koha item type
    Dewey Decimal Classification     NURSING SGT Medical Library SGT Medical Library Text Book 09/10/2021 ABC DELHI 395.00 SGTU 13308   617.7 O21K FN4412 09/10/2021   Books
    Dewey Decimal Classification     NURSING SGT Medical Library SGT Medical Library Text Book 09/10/2021 ABC DELHI 395.00 SGTU 13308   617.7 O21K FN4413 09/10/2021   Books
    Dewey Decimal Classification     NURSING SGT Medical Library SGT Medical Library Text Book 09/10/2021 ABC DELHI 395.00 SGTU 13308   617.7 O21K FN4414 09/10/2021   Books
    Dewey Decimal Classification     NURSING SGT Medical Library SGT Medical Library Text Book 09/10/2021 ABC DELHI 395.00 SGTU 13308   617.7 O21K FN4415 09/10/2021   Books
    Dewey Decimal Classification     NURSING SGT Medical Library SGT Medical Library Text Book 09/10/2021 ABC DELHI 395.00 SGTU 13308   617.7 O21K FN4416 09/10/2021   Books